| Поле | Инд. | ПП | Название | Значение |
|---|---|---|---|---|
| Тип записи | a | |||
| Библиографический уровень | a | |||
| 001 | Контрольный номер | 51044841ccc84bd78c48cbdc9d4b96b5 | ||
| 005 | Дата корректировки | 20170301133327.8 | ||
| 020 | a | ISBN | 5-02-010266-0 | |
| 040 | a | Служба первич. каталог. | НБ ТвГУ | |
| b | Код языка каталог. | rus | ||
| e | Правила каталог. | PSBO | ||
| 041 | 0_ | a | Код языка текста | rus |
| 097 | b | Оператор | novikova | |
| 100 | 1_ | a | Автор | Антюшина Наталья Михайловна |
| q | Полное имя | Антюшина Н. М. | ||
| 245 | 10 | a | Заглавие | Некоторые вопросы экономической истории Финляндии |
| 260 | a | Место издания | Москва | |
| b | Издательство | Наука | ||
| 504 | a | Библиография | Библиогр.: с. 211-212 (31 назв.) | |
| 520 | 0_ | a | Аннотация | В данной статье рассматриваются тенденции финского экономического чуда и экономического развития Финляндии. |
| 653 | 0_ | a | Ключевые слова | Экономическая история |
| a | Ключевые слова | Финляндия, страна | ||
| a | Ключевые слова | Финансирование | ||
| a | Ключевые слова | Социальная сфера | ||
| a | Ключевые слова | Конкурентоспособность | ||
| a | Ключевые слова | Финское экономическое чудо | ||
| 773 | 18 | w | Контрольный № источника | RU/IS/BASE/318428191 |
| t | Название источника | Северная Европа | ||
| d | Место и дата издания | Москва : Наука, 2005 | ||
| g | Прочая информация | Вып. 5. - С. 199-212 | ||
| 901 | t | Тип документа | a | |
| 920 | a | Оператор | Нови |